000 01853nam a2200409 a 4500
001 000025728
005 20200930024013.0
008 110221s1986 ck a r 001 0 spa d
020 _a9589028225
020 _a9589028241 (t. 2)
020 _a958902825x (t. 3)
020 _a9589028276 (t. 5)
020 _a9589028284 (t. 6)
040 _aDO-SdBNP
_bspa
_cBNPHU
082 _ann*
_bnn*
245 0 0 _aBiografía de los constituyentes 1886.
260 _aBogotá, D. F. :
_bBanco de la República,
_c1986.
300 _av. :
_bil. ;
_c20 cm.
490 1 _aBibliográfica Banco de la República. Historia Colombiana
500 _aLa biblioteca sólo posee los tomos 2, 3, 5 y 6.
505 0 _gT. 2.
_rJuan de Dios Ulloa, Guillermo Quintero Calderón y Antonio Carreño.
_tLas condiciones económico-sociales 1 --
_gT. 3.
_rMiguel A. Vives Arrantia, Juan Campo Serrano, Roberto Sarmiento y Acisclo Molano.
_tLas condiciones económico-sociales 2 --
_gT. 5.
_rJose Maria Samper Agudelo, Felipe Fermin Paul y Carlos Calderon Reyes.
_tDebate constitucional 2 --
_gT. 6.
_rJose Maria Campo Serrano, Simon de Herrera Leyva y Jose Laborde Ariza.
_tLos Admiradores.
700 1 _aUlloa, Juan de Dios.
_952501
700 1 _aQuintero Calderón, Guillermo.
_952502
700 1 _aCarreño, Antonio.
_952503
700 1 _aVives Orrantia, Miguel A.
_952504
700 1 _aCampo Serrano, Juan.
_952505
700 1 _aSarmiento, Roberto.
_952506
700 1 _aMolano, Acisclo.
_952507
700 1 _aSamper Agudelo, Jose Maria.
_952508
700 1 _aFermin Paul, Felipe.
_952509
700 1 _aCalderon Reyes, Carlos.
_952510
700 1 _aCampo Serrano, Jose Maria.
_952511
700 1 _aHerrera Leyva, Simon de.
_952512
700 1 _aLaborde Ariza, Jose.
_952513
830 0 _aBibliográfica Banco de la República
_pHistoria Colombiana
_934839
049 _aBNGR
999 _c25220
_d25220